The Odd/Even Challenge Quiz Stats

 Plays Quiz Updated Mar 17, 2020

Support Sporcle.
Go Orange.
Score 0/100 Timer 02:00
341 Plays Today
% Correct
???
47.2%
???
46%
???
46%
???
45.8%
???
45.8%
???
45.8%
???
45.7%
???
45.6%
???
45.5%
???
45.5%
???
45.4%
???
45.4%
???
45.4%
???
45.3%
???
45.3%
???
45.3%
???
45.3%
???
45.2%
???
45.2%
???
45.2%
???
45.1%
???
45.1%
???
45.1%
???
45.1%
???
45.1%
???
45.1%
???
45%
???
45%
???
45%
???
45%
???
45%
???
45%
???
45%
???
44.9%
% Correct
???
44.9%
???
44.9%
???
44.9%
???
44.9%
???
44.9%
???
44.9%
???
44.8%
???
44.8%
???
44.8%
???
44.8%
???
44.8%
???
44.8%
???
44.8%
???
44.8%
???
44.7%
???
44.7%
???
44.7%
???
44.7%
???
44.7%
???
44.7%
???
44.7%
???
44.7%
???
44.7%
???
44.7%
???
44.6%
???
44.6%
???
44.6%
???
44.6%
???
44.6%
???
44.5%
???
44.5%
???
44.5%
???
44.5%
???
44.5%
% Correct
???
44.5%
???
44.5%
???
44.5%
???
44.5%
???
44.4%
???
44.4%
???
44.4%
???
44.4%
???
44.4%
???
44.3%
???
44.3%
???
44.3%
???
44.3%
???
44.3%
???
44.3%
???
44.3%
???
44.3%
???
44.3%
???
44.3%
???
44.3%
???
44.3%
???
44.2%
???
44.2%
???
44.2%
???
44.1%
???
44.1%
???
44.1%
???
44.1%
???
44%
???
43.8%
???
43.8%
???
43.7%

From the Vault

Capital Dilemmas

by Bladselleri

It's time to make a 'capital' decision.
Remove Ads.
Support Sporcle.
Get the best of Sporcle when you Go Orange. This ad-free experience offers more features, more stats, and more fun while also helping to support Sporcle. Thank you for becoming a member.

Show Comments

Extras

Top Quizzes Today


Score Distribution

Your Account Isn't Verified!

In order to create a playlist on Sporcle, you need to verify the email address you used during registration. Go to your Sporcle Settings to finish the process.

Report this User

Report this user for behavior that violates our Community Guidelines.

Details: